Armed forces and society: new challenges and environments
Αποθηκεύτηκε σε:
| Συγγραφή απο Οργανισμό/Αρχή: | |
|---|---|
| Μορφή: | Βιβλίο |
| Γλώσσα: | Αγγλικά |
| Έκδοση: |
Santiago
CESIM
2009
|
| Σειρά: | International Political Science Association. Research Committee, 24
|
| Θέματα: | |
| Ετικέτες: |
Προσθήκη ετικέτας
Δεν υπάρχουν, Καταχωρήστε ετικέτα πρώτοι!
|
MARC
| LEADER | 00000nam a2200000 a 4500 | ||
|---|---|---|---|
| 001 | UCH5752 | ||
| 003 | CL-VaPUC | ||
| 005 | 20230519074543.0 | ||
| 008 | 091022e20090000cl 1 eng d | ||
| 020 | |a 9789567527571 | ||
| 082 | 0 | 4 | |a 355.03 |b CEN |2 21 |
| 110 | 2 | |a Centro de Estudios e Investigaciones Militares |e author |9 621477 | |
| 245 | 1 | 0 | |a Armed forces and society: new challenges and environments |
| 260 | |a Santiago |b CESIM |c 2009 | ||
| 300 | |a 571 p | ||
| 490 | 0 | |a International Political Science Association. Research Committee, 24 | |
| 583 | |a last modification |c 20190908 07:05:43 |k Rodrigo Vera | ||
| 650 | 0 | 0 | |a Fuerzas Armadas |9 255504 |
| 650 | 0 | 0 | |a Seguridad nacional |9 317752 |
| 650 | 0 | 0 | |a Derecho internacional |9 255637 |
| 650 | 0 | 7 | |a DEFENSA NACIONAL |2 CL-VaPUC |9 391155 |
| 650 | 0 | 0 | |a Congresos |9 257560 |
| 942 | |c BK | ||
| 945 | |a rbrito |d 20091022 00:00:00 | ||
| 546 | |a En Inglés | ||
| 536 | |a Centro de Estudios e Investigaciones Militares | ||
| 518 | |p International conference armed forces and society: new challenges and environments, 1, Santiago, 25-28 june 2008 | ||
| 999 | |c 384474 |d 384472 | ||
| 952 | |0 0 |1 0 |4 0 |6 355_030000000000000_CEN_2009 |7 0 |8 A |9 507238 |a BIBHIS |b BIBHIS |d 2020-01-23 |i 4610210 |o 355.03 CEN 2009 |p 4610210 |r 2025-01-20 |w 2020-01-23 |y BK |k HIS | ||